<?xml version="1.0" encoding="UTF-8"?>
<record
    xmlns:xsi="http://www.w3.org/2001/XMLSchema-instance"
    xsi:schemaLocation="http://www.loc.gov/MARC21/slim http://www.loc.gov/standards/marcxml/schema/MARC21slim.xsd"
    xmlns="http://www.loc.gov/MARC21/slim">

  <leader>00664nam a22001817a 4500</leader>
  <controlfield tag="005">20251112102323.0</controlfield>
  <controlfield tag="008">251112b        |||||||| |||| 00| 0 eng d</controlfield>
  <datafield tag="020" ind1=" " ind2=" ">
    <subfield code="a">N/A</subfield>
  </datafield>
  <datafield tag="040" ind1=" " ind2=" ">
    <subfield code="c">.</subfield>
  </datafield>
  <datafield tag="082" ind1=" " ind2=" ">
    <subfield code="a">361,4  A495 1986</subfield>
  </datafield>
  <datafield tag="100" ind1=" " ind2=" ">
    <subfield code="a">&#x623;&#x62D;&#x645;&#x62F; ,&#x645;&#x62D;&#x645;&#x62F; &#x634;&#x645;&#x633; &#x627;&#x644;&#x62F;&#x64A;&#x646;</subfield>
  </datafield>
  <datafield tag="245" ind1=" " ind2=" ">
    <subfield code="a">&#x627;&#x644;&#x639;&#x645;&#x644; &#x645;&#x639; &#x627;&#x644;&#x62C;&#x645;&#x627;&#x639;&#x627;&#x62A; &#x641;&#x64A; &#x645;&#x62D;&#x64A;&#x637; &#x627;&#x644;&#x62E;&#x62F;&#x645;&#x629; &#x627;&#x644;&#x627;&#x62C;&#x62A;&#x645;&#x627;&#x639;&#x64A;&#x629; :</subfield>
    <subfield code="b">/</subfield>
    <subfield code="c">&#x645;&#x62D;&#x645;&#x62F; &#x634;&#x645;&#x633; &#x627;&#x644;&#x62F;&#x64A;&#x646; &#x623;&#x62D;&#x645;&#x62F;</subfield>
  </datafield>
  <datafield tag="250" ind1=" " ind2=" ">
    <subfield code="a">1 &#x637;</subfield>
  </datafield>
  <datafield tag="260" ind1=" " ind2=" ">
    <subfield code="b">&#x645;&#x635;&#x631; , &#x627;&#x644;&#x642;&#x627;&#x647;&#x631;&#x629; , &#x627;&#x644;&#x645;&#x624;&#x644;&#x641; , 1986</subfield>
  </datafield>
  <datafield tag="300" ind1=" " ind2=" ">
    <subfield code="a">367 &#x635;</subfield>
    <subfield code="c">25 &#x633;&#x645;</subfield>
  </datafield>
  <datafield tag="650" ind1=" " ind2=" ">
    <subfield code="z">&#x627;&#x644;&#x62E;&#x62F;&#x645;&#x629; &#x627;&#x644;&#x627;&#x62C;&#x62A;&#x645;&#x627;&#x639;&#x64A;&#x629; | &#x627;&#x644;&#x639;&#x645;&#x644; &#x627;&#x644;&#x62C;&#x645;&#x627;&#x639;&#x64A; | &#x627;&#x644;&#x625;&#x634;&#x631;&#x627;&#x641; | &#x62E;&#x62F;&#x645;&#x629; &#x627;&#x644;&#x62C;&#x645;&#x627;&#x639;&#x629;</subfield>
  </datafield>
  <datafield tag="942" ind1=" " ind2=" ">
    <subfield code="2">ddc</subfield>
    <subfield code="c">BK-AR</subfield>
    <subfield code="n">0</subfield>
  </datafield>
  <datafield tag="999" ind1=" " ind2=" ">
    <subfield code="c">8094</subfield>
    <subfield code="d">8094</subfield>
  </datafield>
  <datafield tag="952" ind1=" " ind2=" ">
    <subfield code="0">0</subfield>
    <subfield code="1">0</subfield>
    <subfield code="2">ddc</subfield>
    <subfield code="4">0</subfield>
    <subfield code="7">0</subfield>
    <subfield code="a">CENTRAL</subfield>
    <subfield code="b">WOMEN</subfield>
    <subfield code="d">2025-11-12</subfield>
    <subfield code="l">0</subfield>
    <subfield code="o"> 361,4 A495 1986</subfield>
    <subfield code="p">1000000016188</subfield>
    <subfield code="r">2025-11-12 10:24:58</subfield>
    <subfield code="t">C1</subfield>
    <subfield code="w">2025-11-12</subfield>
    <subfield code="y">BK-AR</subfield>
  </datafield>
</record>
